00321 a2200109 4500082001800000100002400018245003400042260003500076300003000111650004600141700002400187 a861.82bC963u aCucurto, Washington aUpepetbnoticias del Paraguay aArgentinabEdiciones VOXc2012 a34 pbil (a color)c20 cm aLiteraturaxPoesa̕zArgentina - Paraguay aWashington Cucurto